[Event "International Championship of Central S"]
[Site "Paracin"]
[Date "2012.07.11"]
[Round "7.1"]
[White "Bogosavljevic, Boban"]
[Black "Atalik, Suat"]
[Result "0-1"]
[WhiteElo "2520"]
[BlackElo "2599"]
[PlyCount "72"]
[EventDate "2012.??.??"]

1. d4 d5 2. Bf4 Nf6 3. e3 c5 4. c3 Nc6 5. Nd2 Bf5 6. Qb3 Qd7 7. dxc5 e5 8. Bg3
Bxc5 9. Ngf3 Qe7 10. Bb5 d4 11. O-O dxe3 12. fxe3 Bxe3+ 13. Kh1 O-O 14. Rae1
Bxd2 15. Nxd2 Be6 16. Qa4 Nd7 17. Bxc6 bxc6 18. Bxe5 Nxe5 19. Rxe5 Qd6 20. Nf3
Bd5 21. Re2 Rae8 22. Rxe8 Rxe8 23. Qxa7 Re2 24. Qa8+ Qf8 25. Qa6 Rxb2 26. c4
Bxf3 27. gxf3 Qb8 28. f4 Qe8 29. Qa3 Qe4+ 30. Qf3 Qxc4 31. Rd1 h6 32. a3 Rb3
33. Qg4 g6 34. Qc8+ Kh7 35. Qe8 Qxf4 36. Qxc6 Rb2 0-1

[Event "International Championship of Central S"]
[Site "Paracin"]
[Date "2012.07.11"]
[Round "7.2"]
[White "Vovk, Yuri"]
[Black "Ulibin, Mikhail"]
[Result "1/2-1/2"]
[WhiteElo "2584"]
[BlackElo "2531"]
[PlyCount "100"]
[EventDate "2012.??.??"]

1. e4 e6 2. d4 d5 3. Nc3 Nf6 4. Bg5 Be7 5. e5 Nfd7 6. h4 h6 7. Bxe7 Qxe7 8. f4
O-O 9. Nf3 c5 10. Qd2 Nc6 11. O-O-O f6 12. exf6 Nxf6 13. Bb5 Nh5 14. dxc5 Qxc5
15. Bxc6 bxc6 16. Ne5 Rb8 17. Rhf1 Ba6 18. Rf3 Rb7 19. Qd4 Qxd4 20. Rxd4 c5 21.
Ra4 d4 22. Rxa6 dxc3 23. Rxc3 Nxf4 24. Rxc5 Nxg2 25. h5 Rf1+ 26. Kd2 Rf2+ 27.
Kd3 Ne1+ 28. Ke3 Rxc2 29. Rxc2 Nxc2+ 30. Kd2 Rxb2 31. Rd6 Rb5 32. Ng6 Rxh5 33.
Kxc2 Kf7 34. Nf4 Ra5 35. Kb3 e5 36. Nh5 e4 37. Ng3 e3 38. Rd1 Rg5 39. Ne4 Rg2
40. Re1 e2 41. Kc3 g5 42. Kd3 Kg6 43. Rxe2 Rxe2 44. Kxe2 Kf5 45. Kf3 Ke5 46.
Ng3 Kd4 47. Nf5+ Kc3 48. Nxh6 Kb2 49. Nf7 Kxa2 50. Nxg5 a5 1/2-1/2

[Event "International Championship of Central S"]
[Site "Paracin"]
[Date "2012.07.11"]
[Round "7.3"]
[White "Kislik, Erik Andrew"]
[Black "Pap, Gyula"]
[Result "0-1"]
[WhiteElo "2408"]
[BlackElo "2566"]
[PlyCount "82"]
[EventDate "2012.??.??"]

1. d4 d5 2. c4 e6 3. Nf3 c6 4. e3 f5 5. Bd3 Bd6 6. O-O Nf6 7. b3 Qe7 8. Bb2 O-O
9. Qc1 b6 10. Ba3 Bb7 11. Bxd6 Qxd6 12. Qa3 c5 13. Nbd2 Ne4 14. Rfd1 Nd7 15.
Rac1 a5 16. cxd5 exd5 17. Bb5 Ndf6 18. Nxe4 fxe4 19. Ne5 Rfb8 20. Qb2 Ba6 21.
Bxa6 Rxa6 22. Qe2 Ra7 23. Rc2 a4 24. h3 Qe6 25. Qb5 axb3 26. axb3 Rc8 27. Rcd2
cxd4 28. exd4 e3 29. fxe3 Ne4 30. Qb4 Nxd2 31. Qxd2 Rac7 32. Qe2 Rc2 33. Rd2
Qf5 34. Kh2 Rxd2 35. Qxd2 Rc2 36. Qe1 h6 37. h4 Kh7 38. Qd1 Rc3 39. h5 Rxe3 40.
Kg1 Qe4 41. Kf2 Rc3 0-1

[Event "International Championship of Central S"]
[Site "Paracin"]
[Date "2012.07.11"]
[Round "7.4"]
[White "Gleizerov, Evgeny"]
[Black "Indjic, Aleksandar"]
[Result "1/2-1/2"]
[WhiteElo "2565"]
[BlackElo "2451"]
[PlyCount "41"]
[EventDate "2012.??.??"]

1. d4 Nf6 2. c4 c5 3. d5 e6 4. Nc3 exd5 5. cxd5 d6 6. Nf3 g6 7. g3 Bg7 8. Bg2
O-O 9. O-O Re8 10. Bf4 Ne4 11. Nxe4 Rxe4 12. Nd2 Rxf4 13. gxf4 Bxb2 14. Rb1 Bg7
15. Nc4 b5 16. Rxb5 Ba6 17. Qa4 Bxb5 18. Qxb5 Bf8 19. Bh3 f5 20. e4 Nd7 21.
exf5 1/2-1/2

[Event "International Championship of Central S"]
[Site "Paracin"]
[Date "2012.07.11"]
[Round "7.5"]
[White "Martinovic, Slobodan"]
[Black "Damljanovic, Branko"]
[Result "1/2-1/2"]
[WhiteElo "2447"]
[BlackElo "2564"]
[PlyCount "95"]
[EventDate "2012.??.??"]

1. d4 Nf6 2. c4 g6 3. Nc3 Bg7 4. e4 d6 5. Bd3 e5 6. d5 a5 7. h3 Na6 8. Be3 Bd7
9. Nf3 O-O 10. O-O Nh5 11. Re1 Kh8 12. Bf1 Qe8 13. Be2 Nf6 14. Nh2 Ng8 15. Qd2
Qe7 16. Bf1 b6 17. g3 Rae8 18. Bg2 Qd8 19. Nf1 Qc8 20. Kh2 f5 21. exf5 gxf5 22.
f4 Nc5 23. Qc2 exf4 24. Bxf4 Ne7 25. Ne2 Ng6 26. Bd2 Ne4 27. Nf4 Nxd2 28. Qxd2
Nxf4 29. gxf4 Qd8 30. Rad1 Qh4 31. Ng3 Bh6 32. Qd4+ Kg8 33. Rxe8 Rxe8 34. Rf1
Bg7 35. Qd2 Qe7 36. b3 Qe3 37. Qc2 Qc3 38. Qxc3 Bxc3 39. h4 Kf7 40. Bh3 Kf6 41.
Rg1 Rf8 42. Rg2 Bd4 43. Re2 Rf7 44. a4 Bc5 45. Nh5+ Kg6 46. Ng3 Kf6 47. Nh5+
Kg6 48. Ng3 1/2-1/2

[Event "International Championship of Central S"]
[Site "Paracin"]
[Date "2012.07.11"]
[Round "7.6"]
[White "Kovacevic, Aleksandar"]
[Black "Stojanovski, Dejan"]
[Result "1-0"]
[WhiteElo "2537"]
[BlackElo "2430"]
[PlyCount "59"]
[EventDate "2012.??.??"]

1. e4 c5 2. Nf3 Nc6 3. d4 cxd4 4. Nxd4 g6 5. c4 Nf6 6. Nc3 d6 7. Be2 Bg7 8. Be3
O-O 9. O-O Bd7 10. Qd2 a5 11. Ndb5 a4 12. c5 dxc5 13. Bxc5 Bg4 14. Qe3 Bxe2 15.
Qxe2 Qa5 16. Rad1 b6 17. Ba3 Nh5 18. Nd5 Rfd8 19. Nbc7 Rab8 20. Bxe7 Rd7 21.
Ba3 b5 22. Rc1 b4 23. Rxc6 bxa3 24. bxa3 Be5 25. Na6 Rb2 26. Qc4 Qd2 27. Nc5
Rc2 28. Rc8+ Kg7 29. Qxa4 Bd4 30. Ne6+ 1-0

[Event "nternational Championship of Central Se"]
[Site "Paracin"]
[Date "2012.07.11"]
[Round "7.7"]
[White "Cvitan, Ognjen"]
[Black "Arsovic, Zoran"]
[Result "1/2-1/2"]
[WhiteElo "2538"]
[BlackElo "2433"]
[PlyCount "41"]
[EventDate "2012.??.??"]

1. d4 Nf6 2. c4 e6 3. Nc3 Bb4 4. e3 O-O 5. Bd3 c5 6. Nf3 b6 7. O-O Bxc3 8. bxc3
Bb7 9. Nd2 Nc6 10. e4 cxd4 11. cxd4 Nxd4 12. e5 Ne8 13. Ba3 f5 14. Bxf8 Qg5 15.
f3 Qe3+ 16. Rf2 Kxf8 17. Nb3 Qxe5 18. Bf1 Nxb3 19. axb3 Nf6 20. b4 a6 21. Ra3
1/2-1/2

[Event "International Championship of Central Se"]
[Site "Paracin, hotel "]
[Date "2012.07.11"]
[Round "7.8"]
[White "Nestorovic, Nikola"]
[Black "Drenchev, Petar"]
[Result "1/2-1/2"]
[WhiteElo "2436"]
[BlackElo "2506"]
[PlyCount "87"]
[EventDate "2012.07.06"]

1. e4 e5 2. Nf3 Nc6 3. Nc3 Nf6 4. Bb5 Nd4 5. Ba4 Bc5 6. Nxe5 O-O 7. Nd3 Bb6 8.
e5 Ne8 9. Nd5 d6 10. O-O dxe5 11. Nxb6 axb6 12. c3 Rxa4 13. Nxe5 Ra5 14. cxd4
Qxd4 15. Nf3 Qd5 16. h3 Rxa2 17. Rxa2 Qxa2 18. Re1 Nf6 19. Qc2 c6 20. d4 Re8
21. Re5 h6 22. Kh2 b5 23. Qc5 Qc4 24. Rxe8+ Nxe8 25. Ne5 Qxc5 26. dxc5 Be6 27.
b4 Nc7 28. f4 Nd5 29. Bd2 f6 30. Nf3 b6 31. Nd4 Bd7 32. cxb6 Nxb6 33. g4 Kf7
34. Ne2 f5 35. Kg3 g6 36. Nc3 Na4 37. gxf5 Bxf5 38. h4 Ke6 39. Kf3 Nxc3 40.
Bxc3 Kd5 41. Bg7 c5 42. bxc5 b4 43. Ke3 b3 44. Kd2 1/2-1/2

[Event "International Championship of Central Se"]
[Site "Paracin, hotel "]
[Date "2012.07.11"]
[Round "7.9"]
[White "Matsenko, Sergei"]
[Black "Nestorovic, Dejan"]
[Result "1/2-1/2"]
[WhiteElo "2460"]
[BlackElo "2404"]
[PlyCount "85"]
[EventDate "2012.07.06"]

1. e4 c5 2. Nf3 e6 3. d4 cxd4 4. Nxd4 a6 5. Bd3 Bc5 6. Nb3 Be7 7. Qg4 g6 8. Qe2
d6 9. O-O Nd7 10. a4 Ngf6 11. Bh6 Bf8 12. Bxf8 Kxf8 13. N1d2 Kg7 14. Nc4 Qc7
15. f4 d5 16. Ncd2 dxe4 17. Nxe4 b6 18. Nxf6 Nxf6 19. Nd4 Rd8 20. c3 Bb7 21.
Rae1 Qc5 22. Qf2 Rd6 23. h3 Rad8 24. Re5 Qc7 25. f5 exf5 26. Bxf5 Ng8 27. Bd3
Rf6 28. Qe3 Rxf1+ 29. Bxf1 Bc8 30. b3 Qd6 31. Bc4 Rd7 32. Rd5 Qc7 33. Rxd7 Qxd7
34. Qe5+ Nf6 35. Kh2 Bb7 36. g4 h6 37. Kg3 a5 38. Kf4 Ba8 39. g5 hxg5+ 40. Kxg5
Qd6 41. Qxd6 Ne4+ 42. Kf4 Nxd6 43. Bd3 1/2-1/2

[Event "International Championship of Central Se"]
[Site "Paracin, hotel "]
[Date "2012.07.11"]
[Round "7.10"]
[White "Martic, Ivan"]
[Black "Bogdanovski, Vlatko"]
[Result "0-1"]
[WhiteElo "2402"]
[BlackElo "2454"]
[PlyCount "66"]
[EventDate "2012.07.06"]

1. e4 c6 2. d4 d5 3. e5 Bf5 4. Nc3 e6 5. g4 Bg6 6. Nge2 c5 7. h4 h5 8. Nf4 Bh7
9. Nxh5 Nc6 10. dxc5 Bxc5 11. Bb5 Qc7 12. Bxc6+ Qxc6 13. Qf3 Bd4 14. O-O Bg6
15. Nf4 Bxc2 16. Re1 Rxh4 17. Nh5 Bxc3 18. bxc3 Be4 19. Nxg7+ Kf8 20. Rxe4 dxe4
21. Qg3 Rh8 22. Nh5 Qa4 23. Bg5 e3 24. Bxe3 Rd8 25. Bc5+ Ke8 26. Bd6 Qc6 27.
Qf4 Rh7 28. Qg5 Kd7 29. Qe3 Rh6 30. Qf4 f5 31. exf6 Nxf6 32. Rd1 Rxh5 33. Qxf6
Qh1# 0-1

[Event "International Championship of Central Se"]
[Site "Paracin, hotel "]
[Date "2012.07.11"]
[Round "7.11"]
[White "Maksimovic, Branimir"]
[Black "Battey, Alexander"]
[Result "1-0"]
[WhiteElo "2452"]
[BlackElo "2396"]
[PlyCount "123"]
[EventDate "2012.07.06"]

1. c4 Nf6 2. g3 g6 3. Bg2 Bg7 4. Nc3 O-O 5. e4 d6 6. Nge2 c5 7. O-O Nc6 8. a3
Bd7 9. Rb1 Qc8 10. d3 Bh3 11. b4 Bxg2 12. Kxg2 Qd7 13. h3 Ne8 14. Be3 b6 15.
Qd2 Nc7 16. Bh6 Ne6 17. Bxg7 Kxg7 18. f4 f5 19. g4 Ncd4 20. Ng3 Rf7 21. Nd5
Raf8 22. exf5 gxf5 23. g5 Nc7 24. Nxc7 Qxc7 25. h4 Qc6+ 26. Kh3 h6 27. b5 Qb7
28. Qg2 Qxg2+ 29. Kxg2 hxg5 30. hxg5 e5 31. Rh1 exf4 32. Nh5+ Kg6 33. Nxf4+
Kxg5 34. Kg3 Re8 35. Rh5+ Kf6 36. Nd5+ Ke6 37. Rh6+ Kd7 38. Nf6+ Rxf6 39. Rxf6
Re3+ 40. Kf2 Rxd3 41. Rh1 Rd2+ 42. Ke3 Re2+ 43. Kd3 Re7 44. Rhh6 Kc7 45. a4 Rd7
46. Rh8 Rg7 47. Rh3 Kd7 48. Rfh6 Rg4 49. Rh7+ Ke6 50. Rxa7 Nb3 51. Rh6+ Ke5 52.
Re7+ Kf4 53. Re3 d5 54. Reh3 d4 55. R3h4 Nc1+ 56. Kc2 Ne2 57. Rxg4+ fxg4 58. a5
g3 59. Rg6 Ke3 60. a6 g2 61. a7 Kf2 62. Rf6+ 1-0

[Event "International Championship of Central Se"]
[Site "Paracin, hotel "]
[Date "2012.07.11"]
[Round "7.12"]
[White "Nestorovic, Lazar"]
[Black "Lajthajm, Borko"]
[Result "1/2-1/2"]
[WhiteElo "2381"]
[BlackElo "2492"]
[PlyCount "99"]
[EventDate "2012.07.06"]

1. d4 Nf6 2. c4 e6 3. Nc3 Bb4 4. Bd2 b6 5. Nf3 Bb7 6. e3 O-O 7. Bd3 c5 8. O-O
d6 9. Qe2 Nbd7 10. a3 Bxc3 11. Bxc3 Be4 12. Ng5 Bxd3 13. Qxd3 h6 14. Ne4 Nxe4
15. Qxe4 Nf6 16. Qf4 Rc8 17. Rfd1 cxd4 18. Qxd4 Rc6 19. Qh4 Nh7 20. Qg3 Qg5 21.
Qf3 Rfc8 22. Rd4 e5 23. Rd2 Qg6 24. Qg3 Ng5 25. f3 Rxc4 26. Rad1 R8c6 27. e4
Qe6 28. h4 Nh7 29. Bb4 Rc1 30. Qe1 Rxd1 31. Qxd1 a5 32. Rxd6 Rxd6 33. Bxd6 Nf6
34. Bc7 Nd7 35. Qd6 Qxd6 36. Bxd6 f6 37. h5 Kf7 38. Kf2 Ke6 39. Bc7 a4 40. g4
b5 41. Ke3 Nc5 42. Bb6 Kd6 43. Kd2 Kc6 44. Bxc5 Kxc5 45. Kc3 b4+ 46. Kd3 Kb5
47. Kd2 Kc4 48. Kc2 Kd4 49. Kd2 Kc5 50. Kd3 1/2-1/2

[Event "International Championship of Central Se"]
[Site "Paracin, hotel "]
[Date "2012.07.11"]
[Round "7.13"]
[White "Marjanovic, Dejan"]
[Black "Savic, Miodrag R"]
[Result "0-1"]
[WhiteElo "2169"]
[BlackElo "2517"]
[PlyCount "190"]
[EventDate "2012.07.06"]

1. e4 d5 2. exd5 Qxd5 3. Nc3 Qd6 4. d4 Nf6 5. Bc4 c6 6. Nge2 Bg4 7. Qd3 e6 8.
Bf4 Qb4 9. Bb3 Bf5 10. Qd2 Nbd7 11. h3 Be7 12. g4 Bg6 13. O-O-O Nb6 14. Be5 Nc4
15. Bxc4 Qxc4 16. Ng3 Nd5 17. Qe2 Qxe2 18. Ngxe2 f6 19. Bg3 Kd7 20. f3 h5 21.
Nf4 Nxf4 22. Bxf4 b6 23. Ne4 Rh7 24. Nf2 Rah8 25. Kd2 Ke8 26. c3 Kf7 27. Ke2
Rd8 28. Rd2 hxg4 29. hxg4 Rxh1 30. Nxh1 Bb1 31. a3 g5 32. Bc7 Rd7 33. Bb8 Ba2
34. Nf2 Bc4+ 35. Ke3 c5 36. Bg3 cxd4+ 37. cxd4 f5 38. f4 Bd6 39. Rd1 Kg6 40.
Rg1 gxf4+ 41. Bxf4 Bxf4+ 42. Kxf4 Rxd4+ 43. Ke3 Rd7 44. gxf5+ Kxf5 45. Rg4 Bd5
46. Rf4+ Ke5 47. Nd3+ Kd6 48. Rf6 Rh7 49. Rg6 Rh3+ 50. Kd4 Rh4+ 51. Ke3 Be4 52.
Rg7 Bf5 53. Nf2 a5 54. Rg8 Rc4 55. Rd8+ Kc7 56. Rd4 Rc2 57. Rd2 Rc5 58. Nd1
Re5+ 59. Kf4 Re4+ 60. Kf3 Rh4 61. Ne3 Bg6 62. Kg3 Re4 63. Kf3 Rh4 64. Kg3 Rh5
65. Rd4 Re5 66. Kf2 Rh5 67. Kg3 Kc6 68. Rg4 Bb1 69. Kf3 Bd3 70. Rg1 Rh3+ 71.
Kf2 Be4 72. Rc1+ Kb5 73. Nc4 Bd5 74. Nd2 e5 75. Rc8 Rh4 76. Ke3 Ka6 77. Rd8 Bc6
78. Rd6 Rh3+ 79. Kf2 Bb5 80. Re6 Rh2+ 81. Ke1 Re2+ 82. Kd1 Re3 83. Kc2 Bd3+ 84.
Kd1 e4 85. Re5 a4 86. Re6 Kb5 87. Re5+ Kc6 88. b3 Kd6 89. Rg5 Rh3 90. Rg6+ Kd5
91. Rg5+ Kd4 92. Nxe4 Bxe4 93. bxa4 Rxa3 94. Rb5 Kd3 95. Kc1 Ra1+ 0-1

[Event "International Championship of Central Se"]
[Site "Paracin, hotel "]
[Date "2012.07.11"]
[Round "7.14"]
[White "Kholopov, Alexander A"]
[Black "Miljkovic, Miroslav D"]
[Result "1-0"]
[WhiteElo "2289"]
[BlackElo "2463"]
[PlyCount "73"]
[EventDate "2012.07.06"]

1. c4 e5 2. Nc3 Nf6 3. Nf3 Nc6 4. g3 Bc5 5. Bg2 d6 6. O-O a6 7. e3 O-O 8. d4
Ba7 9. h3 h6 10. a3 exd4 11. Nxd4 Nxd4 12. exd4 Be6 13. b3 c6 14. Bf4 Re8 15.
d5 cxd5 16. Nxd5 Nxd5 17. Bxd5 Qd7 18. h4 Rad8 19. Qd2 Bxd5 20. Qxd5 Re6 21.
Rad1 Qe7 22. Rd2 Bb6 23. Kg2 Rd7 24. Rfd1 Qf6 25. b4 Rde7 26. Bxd6 Rd7 27. c5
Ba7 28. Qf3 Qxf3+ 29. Kxf3 Re8 30. Bf4 Rxd2 31. Rxd2 Bb8 32. Rd7 Bxf4 33. Kxf4
Rb8 34. Ke5 a5 35. b5 Re8+ 36. Kd6 Re2 37. Kc7 1-0

[Event "International Championship of Central Se"]
[Site "Paracin, hotel "]
[Date "2012.07.11"]
[Round "7.15"]
[White "Zlatanovic, Boroljub"]
[Black "Tosic, Srecko"]
[Result "0-1"]
[WhiteElo "2428"]
[BlackElo "2367"]
[PlyCount "60"]
[EventDate "2012.07.06"]

1. c4 e5 2. Nc3 Nc6 3. g3 f5 4. Bg2 Nf6 5. d3 Bb4 6. Bd2 O-O 7. e3 d6 8. Nge2
Ne7 9. Qb3 Ba5 10. O-O c6 11. e4 Kh8 12. Rad1 Bb6 13. Na4 Bc7 14. h3 Qe8 15. f3
Rb8 16. Be3 b5 17. cxb5 cxb5 18. Nac3 b4 19. Nb1 a5 20. Qc2 Bb6 21. Bxb6 Rxb6
22. Qc7 Qd8 23. Qxd8 Rxd8 24. d4 Ba6 25. Rf2 Rc8 26. dxe5 dxe5 27. Nc1 Rbc6 28.
Nb3 a4 29. Na1 Rc1 30. Rfd2 Be2 0-1

[Event "International Championship of Central Se"]
[Site "Paracin, hotel "]
[Date "2012.07.11"]
[Round "7.16"]
[White "Kacakovski, Dimitar"]
[Black "Kadric, Denis"]
[Result "0-1"]
[WhiteElo "2122"]
[BlackElo "2420"]
[PlyCount "70"]
[EventDate "2012.07.06"]

1. e4 c5 2. Nf3 e6 3. d4 cxd4 4. Nxd4 a6 5. Bd3 Nf6 6. O-O e5 7. Nb3 Nc6 8. Nc3
d6 9. a4 Be7 10. Nd2 O-O 11. Nc4 Be6 12. Be3 Nb4 13. Be2 Qc7 14. Nb6 Rab8 15.
Rc1 Qc6 16. Bf3 Qc7 17. h3 Bd8 18. Qd2 Nc6 19. Ne2 Ne7 20. c4 Qc6 21. a5 Nxe4
22. Bxe4 Qxe4 23. Qxd6 Nf5 24. Qa3 Be7 25. Qb3 Nh4 26. f3 Qg6 27. g4 f5 28. Qc2
h5 29. Kh1 hxg4 30. fxg4 Qh7 31. c5 Ng6 32. Kg2 fxg4 33. hxg4 Nh4+ 34. Kg3 Qxc2
35. Rxc2 Rxf1 0-1

[Event "International Championship of Central Se"]
[Site "Paracin, hotel "]
[Date "2012.07.11"]
[Round "7.17"]
[White "Irizanin, Radoje"]
[Black "Selbes, Tarik"]
[Result "1/2-1/2"]
[WhiteElo "2344"]
[BlackElo "2257"]
[PlyCount "119"]
[EventDate "2012.07.06"]

1. Nf3 Nf6 2. b3 g6 3. Bb2 Bg7 4. e3 c5 5. c4 O-O 6. Be2 Nc6 7. O-O Re8 8. a3
e5 9. d3 d5 10. cxd5 Nxd5 11. Qc2 Be6 12. Nbd2 Rc8 13. Rac1 b6 14. Rfe1 g5 15.
Nc4 f6 16. g3 Bh6 17. Qd1 Qd7 18. h4 gxh4 19. Nxh4 Re7 20. e4 Nc7 21. Ne3 Bxe3
22. fxe3 Rg7 23. Kh2 Kh8 24. Rg1 Rcg8 25. b4 Rg5 26. Nf3 Rh5+ 27. Kg2 Rh3 28.
Kf2 Qg7 29. bxc5 Na5 30. cxb6 axb6 31. d4 Rxg3 32. Rxc7 Rg2+ 33. Ke1 Rxg1+ 34.
Nxg1 Qxc7 35. Nf3 Bg4 36. dxe5 Bxf3 37. Qd6 Qxd6 38. exd6 Kg7 39. Bxf3 Nc4 40.
Bd4 Rd8 41. Be2 Nxa3 42. e5 Nc2+ 43. Kd2 Nxd4 44. exd4 fxe5 45. dxe5 Re8 46.
Bc4 b5 47. Bb3 Kf8 48. e6 Rb8 49. Bd1 Kg7 50. e7 Kf6 51. Bb3 h5 52. Bd1 h4 53.
Bg4 Rh8 54. Bh5 h3 55. e8=Q Rxe8 56. Bxe8 Ke6 57. Bxb5 Kxd6 58. Bf1 h2 59. Bg2
h1=Q 60. Bxh1 1/2-1/2

[Event "International Championship of Central Se"]
[Site "Paracin, hotel "]
[Date "2012.07.11"]
[Round "7.18"]
[White "Del Rio De Angelis, Salvador G"]
[Black "Gevorgyan, Maria"]
[Result "1-0"]
[WhiteElo "2547"]
[BlackElo "2040"]
[PlyCount "127"]
[EventDate "2012.07.06"]

1. d4 Nf6 2. c4 e6 3. Nc3 c5 4. d5 exd5 5. cxd5 Bd6 6. g3 O-O 7. Bg2 Re8 8. Nf3
Bc7 9. d6 Ba5 10. O-O Bxc3 11. bxc3 Ne4 12. Qd5 Qf6 13. Ng5 Nxc3 14. Qd3 Nxe2+
15. Kh1 Qg6 16. Qxg6 hxg6 17. Bd5 Re6 18. Be3 Nc3 19. Bxe6 dxe6 20. Rac1 Nd5
21. Rxc5 Nd7 22. Rc2 b6 23. Rfc1 Bb7 24. Kg1 Rd8 25. Bd2 Nc5 26. Rxc5 bxc5 27.
Ne4 Nf6 28. Ba5 Nxe4 29. Bxd8 Nxd6 30. Rxc5 Bd5 31. a3 Kf8 32. Ba5 Ke8 33. Bb4
Nc4 34. Rc7 a5 35. Bc5 e5 36. Ra7 Be6 37. h4 Bd5 38. Kf1 Kd8 39. Ke2 Kc8 40.
Kd3 Be6 41. Kc3 e4 42. Kd4 Kb8 43. Re7 Nd2 44. Kc3 Nf3 45. Bd4 Nh2 46. Bxg7 Ng4
47. Bd4 a4 48. Kb4 Nh6 49. Kxa4 Nf5 50. Be5+ Ka8 51. Rc7 e3 52. fxe3 Nxe3 53.
Kb5 Nd5 54. Rc1 Kb7 55. Kc5 Ka6 56. Kd6 Ne3 57. Ke7 Kb5 58. Re1 Nf5+ 59. Kf6
Nh6 60. Kg5 Ng4 61. Re2 Bc8 62. a4+ Ka5 63. Bc7+ Ka6 64. Re7 1-0

[Event "International Championship of Central Se"]
[Site "Paracin, hotel "]
[Date "2012.07.11"]
[Round "7.21"]
[White "Andrijevic, Milan"]
[Black "Jovanovic, Aleksandar D"]
[Result "1-0"]
[WhiteElo "2345"]
[BlackElo "2200"]
[PlyCount "58"]
[EventDate "2012.07.06"]

1. e4 e5 2. Nf3 Nc6 3. Bb5 a6 4. Ba4 Nf6 5. O-O Nxe4 6. d4 b5 7. Bb3 d5 8. dxe5
Be6 9. Qe2 Bc5 10. Be3 Ne7 11. h3 Nf5 12. Bxc5 Nxc5 13. Nbd2 O-O 14. c3 Nxb3
15. Nxb3 Qe7 16. Rfd1 c5 17. Na5 Rfc8 18. Qd2 h6 19. b4 Ra7 20. Nb3 cxb4 21.
cxb4 Rc4 22. Na5 Rc8 23. Rac1 Rac7 24. Rxc7 Rxc7 25. a3 Nh4 26. Nd4 Qg5 27.
Qxg5 hxg5 28. Nac6 Bc8 29. Rc1 Kf8 1-0

[Event "International Championship of Central Se"]
[Site "Paracin, hotel "]
[Date "2012.07.11"]
[Round "7.22"]
[White "Ardeleanu, Alin"]
[Black "Chandra, Akshat"]
[Result "1/2-1/2"]
[WhiteElo "2335"]
[BlackElo "2179"]
[PlyCount "91"]
[EventDate "2012.07.06"]

1. e4 c5 2. Nf3 e6 3. b3 Nf6 4. Nc3 d6 5. Bb5+ Bd7 6. a4 a6 7. Bxd7+ Nbxd7 8.
O-O Be7 9. d3 O-O 10. h3 Qc7 11. Bf4 b6 12. Qe2 Rfe8 13. Bh2 Qc6 14. Nd1 Bf8
15. e5 dxe5 16. Nxe5 Nxe5 17. Bxe5 Nd7 18. Bb2 e5 19. Qe4 Qc7 20. Ne3 g6 21.
Qc4 Bg7 22. b4 Qd6 23. b5 a5 24. Rae1 Rad8 25. Qd5 Nf8 26. Qxd6 Rxd6 27. Nc4
Rde6 28. Re2 Nd7 29. Rfe1 Kf8 30. Bc1 f5 31. f3 h5 32. Bg5 Kf7 33. g3 Bf6 34.
Bc1 R8e7 35. Kf1 Kg7 36. Bb2 Kf7 37. Kf2 Re8 38. Kg2 R8e7 39. Kf1 Re8 40. Ba1
R8e7 41. Bb2 Re8 42. Kg2 R8e7 43. Rf1 Kg7 44. Rfe1 Kf7 45. Rf1 Kg7 46. Rfe1
1/2-1/2

[Event "International Championship of Central Se"]
[Site "Paracin, hotel "]
[Date "2012.07.11"]
[Round "7.23"]
[White "Doric, Nenad"]
[Black "Ratkovic, Miloje"]
[Result "1-0"]
[WhiteElo "2330"]
[BlackElo "2176"]
[PlyCount "51"]
[EventDate "2012.07.06"]

1. e4 c6 2. c4 d5 3. cxd5 cxd5 4. exd5 Nf6 5. Nc3 Nxd5 6. Nf3 e6 7. Bc4 Nf6 8.
d4 Be7 9. O-O O-O 10. Re1 Nbd7 11. Ne5 Nb6 12. Bb3 Bd7 13. Qf3 Bc6 14. Nxc6
bxc6 15. Qxc6 Qxd4 16. Be3 Qh4 17. Bxb6 axb6 18. Qxb6 Ng4 19. h3 Rab8 20. Qd4
Rb4 21. Qd2 Rd8 22. Qc2 Bd6 23. Re4 Bh2+ 24. Kf1 Rxe4 25. Nxe4 Nf6 26. Nc3 1-0

[Event "International Championship of Central Se"]
[Site "Paracin, hotel "]
[Date "2012.07.11"]
[Round "7.24"]
[White "Lukovic, Vladimir"]
[Black "Matsenko, Andrei"]
[Result "1-0"]
[WhiteElo "2329"]
[BlackElo "2163"]
[PlyCount "93"]
[EventDate "2012.07.06"]

1. d4 d5 2. Nf3 Nf6 3. c4 e6 4. g3 c6 5. Bg2 dxc4 6. Ne5 Bb4+ 7. Nc3 Nd5 8. Bd2
Nb6 9. Ne4 Be7 10. Ba5 O-O 11. Nxc4 c5 12. Bxb6 axb6 13. dxc5 bxc5 14. O-O Qc7
15. Nc3 Bd7 16. Qb3 Bc6 17. Nb5 Bxb5 18. Qxb5 Nc6 19. Bxc6 bxc6 20. Qb6 Qc8 21.
Rfd1 Rb8 22. Qa7 Rb7 23. Qa4 Qc7 24. Rd2 Bf6 25. Qc2 h5 26. h4 g5 27. hxg5 Bxg5
28. f4 Bf6 29. Kg2 Kg7 30. Rh1 Rh8 31. e3 Rbb8 32. Qd1 Qa7 33. a3 Qa6 34. b3 h4
35. g4 Qb7 36. Rd3 h3+ 37. Rxh3 Rxh3 38. Kxh3 Rh8+ 39. Kg2 Qb8 40. Rd7 Rh4 41.
g5 Bxg5 42. Ne5 Qh8 43. Rxf7+ Kg8 44. Rf8+ Kxf8 45. Ng6+ Kg7 46. Nxh8 Bf6 47.
Qd7+ 1-0

[Event "International Championship of Central Se"]
[Site "Paracin, hotel "]
[Date "2012.07.11"]
[Round "7.26"]
[White "Tscharotschkin, Michael"]
[Black "Popovic, Aleksandar M"]
[Result "*"]
[WhiteElo "2176"]
[BlackElo "2288"]
[Annotator "Milojevic,Boban"]
[PlyCount "83"]
[EventDate "2012.07.06"]

1. d4 Nf6 2. c4 g6 3. Nc3 Bg7 4. e4 d6 5. Nf3 O-O 6. Be2 Na6 7. Be3 c5 8. d5 e5
9. Nd2 Bd7 10. g3 Kh8 11. Rb1 Ng8 12. O-O f5 13. f3 f4 14. Bf2 g5 15. b4 b6 16.
bxc5 dxc5 17. d6 Nb8 18. Nd5 Nc6 19. Rb2 Nd4 20. Nb1 Rc8 21. Nbc3 Rc6 22. a4
Rxd6 23. Nb5 Rg6 24. Nxa7 h5 25. Bxd4 exd4 26. Bd3 Ne7 27. Qb1 Nxd5 28. exd5
Rh6 29. Re1 g4 30. Nc6 Bxc6 31. dxc6 Rxc6 32. Qd1 Qg5 33. Qe2 Rh6 34. Qe4 gxf3
35. Qxf3 h4 36. h3 Qxg3+ 37. Qxg3 fxg3 38. a5 bxa5 39. Rb5 Rh5 40. Rxa5 Bh6 41.
Re7 Be3+ 42. Kh1 {... necitko} *

[Event "International Championship of Central Se"]
[Site "Paracin, hotel "]
[Date "2012.07.11"]
[Round "7.27"]
[White "Vucinic, Gojko"]
[Black "Cabarkapa, Novak"]
[Result "1/2-1/2"]
[WhiteElo "2150"]
[BlackElo "2254"]
[PlyCount "40"]
[EventDate "2012.07.06"]

1. e4 c5 2. Nf3 d6 3. d4 cxd4 4. Nxd4 Nf6 5. Nc3 Bd7 6. Bg5 e6 7. Qd2 a6 8. f3
Be7 9. O-O-O b5 10. a3 Nc6 11. Kb1 Rc8 12. g4 Ne5 13. Be3 h6 14. h4 Bc6 15. Be2
Bb7 16. g5 hxg5 17. hxg5 Rxh1 18. Rxh1 Nfd7 19. f4 Nc4 20. Bxc4 bxc4 1/2-1/2

[Event "International Championship of Central Se"]
[Site "Paracin, hotel "]
[Date "2012.07.11"]
[Round "7.29"]
[White "Banovic, Ivan"]
[Black "Cvetanovic, Uros"]
[Result "1-0"]
[WhiteElo "2072"]
[BlackElo "2225"]
[PlyCount "111"]
[EventDate "2012.07.06"]

1. d4 Nf6 2. c4 e6 3. Nc3 Bb4 4. Qc2 O-O 5. e4 d6 6. a3 Bxc3+ 7. bxc3 e5 8. Bd3
Qe7 9. Ne2 Re8 10. f3 Nc6 11. O-O b6 12. f4 exd4 13. cxd4 Nxe4 14. Re1 Nf6 15.
Bd2 Qf8 16. d5 Ne7 17. Ng3 Ng6 18. h4 Bg4 19. h5 Nxh5 20. Nxh5 Bxh5 21. Bf5
Rxe1+ 22. Rxe1 Nh4 23. Bxh7+ Kh8 24. Bd3 Re8 25. Rc1 Qe7 26. Kf2 Kg8 27. Rh1
Qf6 28. Kg3 Be2 29. Re1 Ng6 30. Rxe2 Qh4+ 31. Kf3 Qh5+ 32. Kf2 Qh4+ 33. Kg1
Rxe2 34. Bxe2 Nxf4 35. Bf3 Qg3 36. Qf5 Ng6 37. Qc8+ Kh7 38. Qh3+ Qxh3 39. gxh3
Ne5 40. Be2 Kg6 41. Kf2 f6 42. Bc3 Nd7 43. Bd4 Kf7 44. Ke3 g6 45. h4 Nb8 46.
Kf4 c5 47. Bc3 a6 48. h5 gxh5 49. Bxh5+ Ke7 50. a4 b5 51. axb5 axb5 52. cxb5
Nd7 53. Kf5 Nb6 54. Bxf6+ Kd7 55. Ke4 Kc7 56. Be8 1-0